The positive effect of the internship programs for students in European Union

Bibliográfiai részletek
Szerző: Tóth Lili
További közreműködők: Juhász Dr. László
Dokumentumtípus: Diplomadolgozat
Kulcsszavak:Internship
Erasmus
Scolarship
European Union
Mobility
Online Access:http://dolgozattar.uni-bge.hu/2331

MARC

LEADER 00000nta a2200000 i 4500
001 dolg2331
005 20150714101900.0
008 150508suuuu hu om 000 eng d
040 |a BGE Dolgozattár Repozitórium  |b hun 
041 |a en 
100 1 |a Tóth Lili 
245 1 4 |a The positive effect of the internship programs for students in European Union  |c Tóth Lili  |h [elektronikus dokumentum] 
695 |a Internship 
695 |a Erasmus 
695 |a Scolarship 
695 |a European Union 
695 |a Mobility 
700 1 |a Juhász Dr. László  |e ths 
856 4 0 |u http://dolgozattar.uni-bge.hu/2331/7/T%C3%B3thLili%20-%20Positive%20effect%20of%20the%20internship%20programs%20for%20students%20in%20the%20EU.pdf  |z Dokumentum-elérés